| 000 | 00830nam a2200241Ia 4500 | ||
|---|---|---|---|
| 003 | OSt | ||
| 005 | 20220927104633.0 | ||
| 006 | a|||||r|||| 00| 0 | ||
| 007 | ta | ||
| 008 | 220926b |||||||| |||| 00| 0 eng d | ||
| 024 | _a152436 | ||
| 037 | _cReference Collections | ||
| 040 |
_aRTL _cRTL _beng |
||
| 041 |
_2eng _aeng |
||
| 082 | _a"X.18N78, M0/UN" | ||
| 110 |
_a"UN, International Economic and Social Affairs" _9354017 |
||
| 245 | 0 |
_a"Supplement to world economic survey,1978" _b" Expension of exports from developing countries, D policies of structural adjustment in developed countries" |
|
| 260 |
_aNew _bYork UN _c1980 |
||
| 300 |
_a69p _ccm. |
||
| 700 |
_a"UN, International Economic and Social Affairs" _9354019 |
||
| 942 |
_h"X.18N78, M0/UN" _cCC |
||
| 999 |
_c688157 _d688157 |
||